000 00744nam a2200217 i 4500
001 140685
003 ES-MaACL
005 20230906200130.0
007 t|
008 070914s1986 sp |||| |bspa d
020 _a84-206-9536-X
080 _a929 Unamuno, Miguel de
100 1 _aEgido, Luciano G.
_946732
245 1 0 _aAgonizar en Salamanca :
_bUnamuno (julio-diciembre 1936) / Luciano González Egido.
260 _aMadrid :
_bAlianza Editorial,
_c[1986]
300 _a276 p. ;
_c23 cm.
504 _aBibliografía: p. 275-276.
600 1 4 _aUnamuno, Miguel de,
_d1864-1936-
_xBiografías
_9172375
852 _aES-MaACL
_jL-31902
_z- Donat. herederos de la bibl. de Mª del Pilar Costa Palacín
999 _c140685
_d140685